Ranking KSW - Kategoria lekka - Statystyki

Ogólne statystyki
  • Ten quiz został rozwiązany 47 razy
  • Średni wynik to 9 z 11
Statystyki odpowiedzi
Pozycja Zawodnik Narodowość % Poprawnych
Champion Salahdine Parnasse Francja
100%
2 Wilson Varela Francja / Portugalia
96%
1 Valeriu Mircea Mołdawia
93%
3 Marian Ziółkowski Polska
89%
4 Leo Brichta Czechy
84%
6 Roman Szymański Polska
80%
5 Marcin Held Polska
71%
10 Maciej Kazieczko Polska
69%
7 Aymard Guih Francja
64%
8 Welisson Paiva Brazylia
56%
9 Dawid Śmiełowski Polska
51%
Nie znaleziono quizów pasujących do podanych kryteriów
Rozkład punktacji
Procent ludzi z każdym wynikiem
Percentyl według liczby udzielonych odpowiedzi
Twoja historia wyników
Nie rozwiązałeś tego quizu